000 01154cam a2200313 i 4500
001 64380
003 Mx-PuUPA
005 20220628154825.0
008 160330s2017 mx a gr 000 | spa d
020 _a9786071730251
040 _aMx-PuUPA
_bspa
_erda
_cMx-PuUPA
_dMx-PuUPA
041 0 _aspa
100 1 _aAguiar Sierra, Rocío,
_eautor
_911932
245 1 0 _aLiderazgo y comportamiento organizacional /
_cRocío Aguilar Sierra, Leny Michele Pinzón Lizarraga
250 _aPrimera edición
264 1 _aCiudad de México :
_bEditorial Trillas,
_c2017
300 _a69 páginas :
_bilustraciones ;
_c27 cm
336 _atexto
_btxt
_2rdacontent
337 _asin medio
_bn
_2rdamedia
338 _avolumen
_bnc
_2rdacarrier
500 _a"Percepciones y toma de decisiones ; Teorías sobre el liderazgo ; comportamiento grupal". -- Cubierta.
650 7 _aLiderazgo
_2armarc
650 7 _aComportamiento organizacional
_2armarc
650 7 _aAdministración de personal
_2armarc
700 1 _aPinzón Lizarraga, Leny Michele,
_eautor
942 _2ddc
_h658.4092
_cLI
_iA282
999 _c64380
_d64380